00000000nam 2200000zi 4500
0019.954204
003CaOODSP
00520250818133452
006m     o  d f      
007cr mn ||||||||
008250818t20252025oncd    o    f000 0|fre d
040 |aCaOODSP|bfre|erda|cCaOODSP
0410 |afre|aeng
043 |an-cn---
0861 |aFs72-52/2025-PDF
24500|aMonthly and yearly mean water levels = |bMoyennes mensuelles et annuelles du niveau d'eau.
24611|aMoyennes mensuelles et annuelles du niveau d'eau
250 |a[Édition de 2025].
264 1|aOttawa : |bLe service hydrographique du Canada = Canadian Hydrographic Service, |c[2025]
264 4|c©2025
300 |a1 ressource en ligne (1 page non numérotée) : |bgraphiques
336 |atexte|btxt|2rdacontent/fre
337 |ainformatique|bc|2rdamedia/fre
338 |aressource en ligne|bcr|2rdacarrier/fre
500 |aTitre de départ.
520 |a« Les moyennes mensuelles sont indiquées par une ligne bleu et les moyennes annuelles par des points encerclés noire » -- Page [1].
546 |aTexte en français et en anglais.
650 6|aNiveau des eaux|zGrands Lacs (Amérique du Nord)
7102 |aService hydrographique du Canada, |eorganisme de publication.
788 |tMonthly and yearly mean water levels = |eeng|w(CaOODSP)9.954203
795 |tMonthly and yearly mean water levels = |b[Édition de 2024]|w(CaOODSP)9.937471
85640|qPDF|s291 Ko|uhttps://publications.gc.ca/collections/collection_2025/mpo-dfo/Fs72-52-2025.pdf